Young Adults' Perceptions of High School Graduation Success and Long-Term Juvenile Incarceration

Officials in the juvenile and public education systems are working to address the education gap for incarcerated juveniles and to implement turning point programs. The purpose of the phenomenological study was to understand the lived experiences of previously incarcerated young adults and their perc...

Ausführliche Beschreibung

Gespeichert in:  
Bibliographische Detailangaben
1. VerfasserIn: Garwood, Simone Patricia (Verfasst von)
Medienart: Elektronisch Buch
Sprache:Englisch
Veröffentlicht: 2015
In:Jahr: 2015
Online-Zugang: Volltext (kostenfrei)
Verfügbarkeit prüfen: HBZ Gateway

MARC

LEADER 00000cam a22000002c 4500
001 1866149075
003 DE-627
005 20250116054853.0
007 cr uuu---uuuuu
008 231018s2015 xx |||||o 00| ||eng c
035 |a (DE-627)1866149075 
035 |a (DE-599)KXP1866149075 
040 |a DE-627  |b ger  |c DE-627  |e rda 
041 |a eng 
084 |a 2,1  |2 ssgn 
100 1 |a Garwood, Simone Patricia  |e VerfasserIn  |4 aut 
245 1 0 |a Young Adults' Perceptions of High School Graduation Success and Long-Term Juvenile Incarceration 
264 1 |c 2015 
336 |a Text  |b txt  |2 rdacontent 
337 |a Computermedien  |b c  |2 rdamedia 
338 |a Online-Ressource  |b cr  |2 rdacarrier 
520 |a Officials in the juvenile and public education systems are working to address the education gap for incarcerated juveniles and to implement turning point programs. The purpose of the phenomenological study was to understand the lived experiences of previously incarcerated young adults and their perceptions of graduation success and long-term juvenile incarceration. Bronfenbrenner's ecological theory, Ryan and Deci's self-determination theory, Merton and Agnew's general strain theory, Homan's theory of exchange, and life course theory informed this study. Research questions were developed to understand the experiences and perceptions of young adults related to graduation success during or after juvenile incarceration. Convenience, purposive, and snowball sampling techniques were used to identify 10 young adults who experienced juvenile incarceration and completed high school with a high school diploma or GED. In-depth interviews were conducted to understand the participants' lived experiences and how they were able to overcome their challenges and succeed academically. A combination of a priori and open coding was used to support inductive analysis. Eight themes were identified: challenges of incarceration, support systems, overcoming patterns, turning points, juvenile justice staff, advice to other young offenders, experiences of incarceration, and graduation success. Recommendations include enhanced training for staff members in schools and facilities and conducting a follow-up study to assess the continued success of young adults in this study. Positive social change contributions include identifying ways incarcerated juveniles can be reengaged in schooling and continuing education to decrease recidivism and enhance productive citizenship 
856 4 0 |u https://core.ac.uk/download/147833569.pdf  |x Verlag  |z kostenfrei  |3 Volltext  |7 0 
935 |a mkri 
951 |a BO 
ELC |a 1 
LOK |0 000 xxxxxcx a22 zn 4500 
LOK |0 001 4391829835 
LOK |0 003 DE-627 
LOK |0 004 1866149075 
LOK |0 005 20231018043714 
LOK |0 008 231018||||||||||||||||ger||||||| 
LOK |0 035   |a (DE-2619)CORE47799638 
LOK |0 040   |a DE-2619  |c DE-627  |d DE-2619 
LOK |0 092   |o n 
LOK |0 852   |a DE-2619 
LOK |0 852 1  |9 00 
LOK |0 935   |a core 
LOK |0 939   |a 18-10-23  |b l01 
OAS |a 1 
ORI |a SA-MARC-krimdoka001.raw